Recepty starých mistrů, aneb, Malířské postupy středověku

Bibliographic Details
Main Author: Hřebíčková, Barbora A., 1965- (Author)
Format: Book
Language:Czech
PhysicalDescription:176 s. ilustr. 30 cm
Published: Brno Computer Press 2006
ISBN:8025110257
Edition:1. vyd.
Subjects:

MARC

LEADER 00000cam a2200000 a 4500
001 vtls008982870
003 SK-MaSNL
005 20260302042757.0
008 240314s2006 xr a f 001 0dcze
020 |a 8025110257  |q (viaz.) 
040 |a SNK  |b slo  |c SNK  |e AACR2 
041 0 |a cze 
044 |a xr  |c CZ 
072 7 |a 75  |x Maliarstvo  |2 konspekt 
080 |a 75.033  |2 2001 
080 |a 75.023  |2 2001 
080 |a 75.02  |2 2001 
080 |a 82-96  |2 2001 
080 |a (0:82-9)  |2 2001 
080 |a (082.22)  |2 2001 
100 1 |a Hřebíčková, Barbora A.,  |d 1965-  |4 aut  |9 104798 
245 1 0 |a Recepty starých mistrů, aneb, Malířské postupy středověku  |c Barbora A. Hřebíčková 
246 3 0 |a Malířské postupy středověku 
250 |a 1. vyd. 
260 |a Brno  |b Computer Press  |c 2006 
300 |a 176 s.  |b ilustr.  |c 30 cm 
650 0 7 |a stredoveké maliarstvo  |2 SNKPH  |9 2871 
650 0 7 |a maliarske materiály  |2 SNKPH  |9 66885 
650 0 7 |a maliarske techniky  |2 SNKPH  |9 3129 
650 0 7 |a Medieval painting  |2 SNKPHeng  |9 327092 
650 0 7 |a Painting materials  |2 SNKPHeng  |9 404705 
650 0 7 |a Painting techniques  |2 SNKPHeng  |9 306922 
650 0 7 |a stredovek  |2 SNKPH  |9 4259 
650 0 7 |a Middle Ages  |2 SNKPHeng  |9 263011 
655 7 |a texty  |2 SNKPH  |9 70511 
655 7 |a úryvky  |2 SNKPH  |9 84604 
655 7 |a Texts  |2 SNKPHeng  |9 302902 
655 7 |a Excerpts  |2 SNKPHeng  |9 304691 
919 |a 80-251-1025-7 
999 |c 1084071  |d 1086001 
952 |a SNK  |b SNK  |y VYP  |7 0  |p 17A0554639  |o snkIB 71513 D1  |i snk2007/16362  |8 4  |g 26.56  |0 0  |1 0  |4 0  |d 2007-06-20  |l 0  |r 2026-02-24 16:35:50  |w 2026-02-24 
952 |a SNK  |b SNK  |y VYP  |7 0  |p 17A0510497  |o snkIB 71513  |i snk2007/12774  |8 3  |g 29.54  |0 0  |1 0  |4 0  |d 2007-05-25  |l 0  |r 2026-02-24 16:35:50  |w 2026-02-24 
952 |a SNK  |b SNK  |y VYP  |7 0  |p 17A0570954  |o snkIB 71513 D2  |i snk2008/21369  |8 3  |g 29.54  |0 0  |1 0  |4 0  |d 2008-11-05  |l 0  |r 2026-02-24 16:35:50  |w 2026-02-24 
952 |a SNK  |b SNK  |y VYP  |7 0  |p 17A0570955  |o snkIB 71513 D3  |i snk2008/21370  |8 3  |g 29.54  |0 0  |1 1  |4 0  |d 2008-11-05  |l 0  |r 2026-02-24 16:35:50  |w 2026-02-24